Vector mechanics for engineers (Record no. 4856)

000 -LEADER
fixed length control field 00594nam a2200217 a 4500
001 - CONTROL NUMBER
control field 4856
003 - CONTROL NUMBER IDENTIFIER
control field BD-DhUET
008 - FIXED-LENGTH DATA ELEMENTS--GENERAL INFORMATION
fixed length control field 840307s1984 nyua 001 0 eng
020 ## - INTERNATIONAL STANDARD BOOK NUMBER
International Standard Book Number 0070044384
040 ## - CATALOGING SOURCE
Original cataloging agency DLC
Transcribing agency DLC
Modifying agency BD-DhUET
082 00 - DEWEY DECIMAL CLASSIFICATION NUMBER
Classification number 620.1
Item number BEE/1984
100 ## - MAIN ENTRY--PERSONAL NAME
Personal name Beer, Ferdinand P.
245 10 - TITLE STATEMENT
Title Vector mechanics for engineers
Remainder of title statics and dynamics
250 ## - EDITION STATEMENT
Edition statement 4th ed.
260 ## - PUBLICATION, DISTRIBUTION, ETC. (IMPRINT)
Place of publication, distribution, etc. New York
Name of publisher, distributor, etc. McGraw-Hill
Date of publication, distribution, etc. 1984
300 ## - PHYSICAL DESCRIPTION
Extent xxi, 926 p.
Other physical details ill.
Dimensions 24 cm.
504 ## - BIBLIOGRAPHY, ETC. NOTE
Bibliography, etc Includes bibliographies
650 #0 - SUBJECT ADDED ENTRY--TOPICAL TERM
Topical term or geographic name as entry element Engineering instruments
700 1# - ADDED ENTRY--PERSONAL NAME
Personal name Johnston, E. Russell
942 ## - ADDED ENTRY ELEMENTS (KOHA)
Koha item type General Book
Holdings
Shelving location Koha full call number Not for loan Koha date last seen Copy number Damaged status Withdrawn status Piece designation (barcode) Price effective from Lost status Koha normalized classification for sorting Koha date last borrowed Date acquired Sublocation or collection (holding branch) Koha issues (times borrowed) Location (home branch) Source of classification or shelving scheme Koha item type
Circulation section620.1/BEE/1984 2015-12-081  660512014-11-23 620_100000000000000_BEE_1984 2014-11-23Central Library, BUET Central Library, BUET General Book
Circulation section620.1/BEE/1984 2022-06-201  660422014-11-24 620_000000000000000_1BEE19842022-06-122014-11-24Central Library, BUET2Central Library, BUET General Book
Circulation section620.1/BEE/1984 2023-06-071  660862014-11-29 620_100000000000000_BEE_19842023-01-102014-11-29Central Library, BUET4Central Library, BUET General Book
Circulation section620.1 /BEE/1984 2025-05-2849  660442014-12-11 620_100000000000000_BEE_19842025-04-302014-12-11Central Library, BUET1Central Library, BUET General Book
Circulation section620.1/BEE/1984 2015-02-231  660122014-12-11 620_100000000000000_BEE_1984 2014-12-11Central Library, BUET Central Library, BUET General Book
Circulation section620.1/BEE/1984 2015-12-226  660432015-01-19 620_100000000000000_BEE_1984 2015-01-19Central Library, BUET Central Library, BUET General Book
Circulation section620.1/BEE/1984 2022-12-137  813362015-02-16 620_100000000000000_BEE_19842022-11-212015-02-16Central Library, BUET1Central Library, BUET General Book
Circulation section620.1/BEE/1984 2018-04-301  660482015-04-01 620_100000000000000_BEE_19842018-04-182015-04-01Central Library, BUET1Central Library, BUET General Book
Reading section620.1/BEE/1984 2015-06-219  660152015-06-21 620_100000000000000_BEE_1984 2015-06-21Central Library, BUET Central Library, BUET Reading Item
Reading section620.1/BEE/1984 2015-06-2210  660142015-06-22 620_100000000000000_BEE_1984 2015-06-22Central Library, BUET Central Library, BUET General Book
Reading section620.1/BEE/1984 2015-06-2211  660132015-06-22 620_100000000000000_BEE_1984 2015-06-22Central Library, BUET Central Library, BUET General Book
Reading section620.01/BEE/1984 2015-06-2912  660952015-06-29 620_010000000000000_BEE_1984 2015-06-29Central Library, BUET Central Library, BUET Reading Item
Circulation section620.1/BEE/1984 2015-07-2813  755022015-07-28 620_100000000000000_BEE_1984 2015-07-28Central Library, BUET Central Library, BUET General Book